|
|
|
|
| LEADER |
01172nam a2200301Ia 4500 |
| 001 |
AAL3819 |
| 003 |
BD-DhAAL |
| 005 |
20160425150708.0 |
| 008 |
950922s1995 enk b 000 0 eng d |
| 020 |
|
|
|a 0855983019
|
| 040 |
|
|
|a DJB
|c DJB
|d MYG
|d BD-DhAAL
|
| 082 |
|
|
|a 332.1/532
|
| 245 |
0 |
2 |
|a A Case for reform :
|b fifty years of the IMF and World Bank /
|c Oxfam Policy Department.
|
| 246 |
3 |
|
|a Fifty years of the IMF and World Bank
|
| 260 |
|
|
|a Oxford, U.K. :
|b Oxfam Publications,
|c c1995.
|
| 300 |
|
|
|a 54 p. ;
|c 21 cm.
|
| 490 |
1 |
|
|a Oxfam insight
|
| 504 |
|
|
|a Includes bibliographical references (p. 50-51).
|
| 541 |
|
|
|e 3819
|
| 610 |
2 |
0 |
|a World Bank.
|9 19246
|
| 610 |
2 |
0 |
|a International Monetary Fund.
|9 19247
|
| 650 |
|
0 |
|a Structural adjustment (Economic policy)
|z Developing countries.
|9 19248
|
| 650 |
|
0 |
|a Economic development projects
|z Developing countries.
|9 19249
|
| 710 |
2 |
|
|a Oxfam.
|b Policy Department.
|9 19250
|
| 852 |
|
|
|a Savar Campus Library
|c General Shelf
|
| 942 |
|
|
|2 ddc
|c BK
|
| 999 |
|
|
|c 37479
|d 37479
|
| 952 |
|
|
|0 0
|1 0
|2 ddc
|4 0
|6 332_100000000000000_532_CAS
|7 0
|9 58844
|a SCL
|b SCL
|c GEN
|d 2016-04-25
|e Gift:
|l 0
|o 332.1532 CAS
|p 3020003819
|r 2016-04-25
|t 1
|w 2016-04-25
|y BK
|